[Event "EYCC 2017"]
[Site "Mamaia"]
[Date "2017.09.14"]
[Round "9"]
[White "Beydullayeva, Govhar"]
[Black "Eizaguerri Floris, Maria"]
[Result "1-0"]
[WhiteElo "2164"]
[BlackElo "2098"]
[Annotator "TA"]
[PlyCount "106"]
[EventDate "2017.??.??"]
[EventType "swiss"]
[EventCountry "ROU"]
[SourceTitle "playchess.com"]
[Source "ChessBase"]
[SourceQuality "1"]

1. d4 d5 2. c4 e6 3. Nf3 Nf6 4. Nc3 Bb4 5. Qa4+ Nc6 6. e3 O-O 7. Qc2 Re8 8. Bd2 Bf8 9. Rd1 e5 10. dxe5 Nxe5 11. Nxe5 Rxe5 12. cxd5 Nxd5 13. Nxd5 Rxd5 14. Bc4 Rg5 15. Bc3 Qe8 16. Bd5 Bd6 17. h4 Rh5 18. Qe2 Rh6 19. h5 Qe7 20. e4 c6 21. Bb3 Be6 22. Bc2 Bb4 23. Bxb4 Qxb4+ 24. Qd2 Qe7 25. f3 f5 26. e5 Bd5 27. f4 Qf7 28. Bb3 Rd8 29. Qe2 Rd7 30. Bxd5 Rxd5 31. Kf2 Qc7 32. Qc4 Qd8 33. Rd3 Kf8 34. Rxd5 Qxd5 35. Qxd5 cxd5 36. Rc1 Rb6 37. b3 Rb5 38. Ke3 a5 39. Rc8+ Kf7 40. Rc7+ Kf8 41. Kd4 b6 42. Rb7 a4 43. bxa4 Ra5 44. g3 Rxa4+ 45. Kxd5 Rxa2 46. Ke6 g6 47. h6 Ra8 48. Kf6 Kg8 49. e6 Rf8+ 50. Ke5 b5 51. Rxb5 Kh8 52. Rd5 Kg8 53. e7 Re8 1-0

[Event "EYCC 2017"]
[Site "Mamaia"]
[Date "2017.09.14"]
[Round "9"]
[White "Korchagina, Alena"]
[Black "Sucikova, Svetlana"]
[Result "1/2-1/2"]
[WhiteElo "2158"]
[BlackElo "2055"]
[Annotator "TA"]
[PlyCount "81"]
[EventDate "2017.??.??"]
[EventType "swiss"]
[EventCountry "ROU"]
[SourceTitle "playchess.com"]
[Source "ChessBase"]
[SourceQuality "1"]

1. Nf3 d5 2. d4 Nf6 3. c4 e6 4. Bg5 Nbd7 5. cxd5 exd5 6. Nc3 c6 7. e3 Be7 8. Qc2 Nh5 9. Bxe7 Qxe7 10. Be2 g6 11. O-O Nb6 12. a4 Bf5 13. Qb3 Nc8 14. a5 a6 15. Ne5 Nf6 16. f3 Nd6 17. Na4 O-O 18. Nc5 Nd7 19. Nexd7 Bxd7 20. Ra3 Rae8 21. Qb4 Bc8 22. Na4 Nf5 23. Qxe7 Rxe7 24. Kf2 Rfe8 25. Nb6 Rxe3 26. Rxe3 Nxe3 27. Re1 Nc2 28. Rd1 g5 29. g4 f5 30. Nxc8 Rxc8 31. gxf5 c5 32. dxc5 Rxc5 33. Rg1 d4 34. Rxg5+ Kf7 35. Rh5 Kg8 36. Rg5+ Kf7 37. Rh5 Kg8 38. b3 Ne3 39. Rg5+ Kf7 40. Rh5 Kg8 41. Rg5+ 1/2-1/2

[Event "EYCC 2017"]
[Site "Mamaia"]
[Date "2017.09.14"]
[Round "9"]
[White "Makarian, Rudik"]
[Black "Globus, Or"]
[Result "1/2-1/2"]
[WhiteElo "2146"]
[BlackElo "2271"]
[Annotator "TA"]
[PlyCount "117"]
[EventDate "2017.??.??"]
[EventType "swiss"]
[EventCountry "ROU"]
[SourceTitle "playchess.com"]
[Source "ChessBase"]
[SourceQuality "1"]

1. e4 e5 2. Bc4 Nf6 3. d3 c6 4. Nf3 d5 5. Bb3 a5 6. a4 Bd6 7. Nc3 dxe4 8. Nxe4 Nxe4 9. dxe4 O-O 10. O-O Na6 11. Bg5 Qc7 12. Qe2 Nc5 13. Bc4 Ne6 14. Be3 Qe7 15. Rfd1 Bc7 16. Qd2 Nf4 17. Ne1 Bg4 18. f3 Rad8 19. Qf2 Bc8 20. Kh1 Rxd1 21. Rxd1 Rd8 22. Rxd8+ Qxd8 23. g3 Ne6 24. Nd3 Ng5 25. h4 Ne6 26. Kg2 Qf6 27. Bb6 Qd8 28. Bxc7 Qxc7 29. Qa7 g6 30. Qa8 Kg7 31. Bxe6 Bxe6 32. Qe8 Qd6 33. g4 h6 34. Qa8 Qc7 35. Qa7 Bc8 36. Qc5 f6 37. g5 hxg5 38. hxg5 fxg5 39. Nxe5 Qd8 40. Nd3 Be6 41. Qe5+ Kf7 42. b3 b6 43. Kg3 Bxb3 44. Qc3 Qc7+ 45. Kg2 Be6 46. Qd2 Bc4 47. Nf2 Qe7 48. Qd4 b5 49. Ng4 Kg8 50. Ne5 Qe6 51. Qd8+ Kh7 52. Ng4 Kg7 53. Qxa5 Qd6 54. Qc3+ Kg8 55. Ne3 Be6 56. axb5 cxb5 57. Nd5 Bxd5 58. Qd4 g4 59. fxg4 1/2-1/2

[Event "EYCC 2017"]
[Site "Mamaia"]
[Date "2017.09.14"]
[Round "9"]
[White "Remizov, Yaroslav"]
[Black "Henderson de La Fuente, Lance"]
[Result "1/2-1/2"]
[WhiteElo "2146"]
[BlackElo "2408"]
[Annotator "TA"]
[PlyCount "68"]
[EventDate "2017.??.??"]
[EventType "swiss"]
[EventCountry "ROU"]
[SourceTitle "playchess.com"]
[Source "ChessBase"]
[SourceQuality "1"]

1. e4 c5 2. Nf3 e6 3. d4 cxd4 4. Nxd4 Nc6 5. Nc3 Qc7 6. Be2 a6 7. O-O Nf6 8. Be3 Be7 9. f4 d6 10. Qe1 O-O 11. Qg3 Nxd4 12. Bxd4 b5 13. a3 Bb7 14. Kh1 Rad8 15. Bd3 Rd7 16. Rae1 Re8 17. a4 b4 18. Na2 Qa5 19. b3 d5 20. Bxf6 Bxf6 21. e5 Bd8 22. Qg4 g6 23. f5 Kh8 24. fxe6 fxe6 25. Re3 Rg7 26. Ref3 Qc5 27. Qxb4 Qxb4 28. Nxb4 a5 29. Bb5 Reg8 30. Nd3 g5 31. Rh3 Rc7 32. c4 Kg7 33. Rg3 Rf8 34. Kg1 Be7 1/2-1/2

[Event "EYCC 2017"]
[Site "Mamaia"]
[Date "2017.09.14"]
[Round "9"]
[White "Kirillov, Dmitry"]
[Black "Tsaruk, Maksim"]
[Result "0-1"]
[WhiteElo "2137"]
[BlackElo "2060"]
[Annotator "TA"]
[PlyCount "80"]
[EventDate "2017.??.??"]
[EventType "swiss"]
[EventCountry "ROU"]
[SourceTitle "playchess.com"]
[Source "ChessBase"]
[SourceQuality "1"]

1. e4 e5 2. d4 exd4 3. Qxd4 Nc6 4. Qe3 Nf6 5. Bd2 Bb4 6. Nc3 O-O 7. O-O-O Re8 8. Qg3 Nxe4 9. Nxe4 Rxe4 10. c3 Be7 11. Bd3 Bh4 12. Qf3 Re6 13. Qh3 g6 14. f4 d6 15. g4 Bf6 16. Nf3 Re8 17. Qg3 Be6 18. h4 Qd7 19. h5 Bxg4 20. hxg6 fxg6 21. Rh6 Bf5 22. Bxf5 Qxf5 23. Rdh1 Re7 24. R1h5 Qd7 25. f5 Bg7 26. fxg6 Bxh6 27. Bxh6 Qe6 28. gxh7+ Kh8 29. Bf4 Rf8 30. Bh6 Ra8 31. Nh4 Qe1+ 32. Qxe1 Rxe1+ 33. Kd2 Re6 34. Be3 Rf8 35. b4 Rf7 36. b5 Ne5 37. Bd4 Rxh7 38. Rxh7+ Kxh7 39. Bxa7 b6 40. Bb8 Re8 0-1

[Event "EYCC 2017"]
[Site "Mamaia"]
[Date "2017.09.14"]
[Round "9"]
[White "Muetsch, Annmarie"]
[Black "Kovacs, Judit"]
[Result "1-0"]
[WhiteElo "2137"]
[BlackElo "2042"]
[Annotator "TA"]
[PlyCount "67"]
[EventDate "2017.??.??"]
[EventType "swiss"]
[EventCountry "ROU"]
[SourceTitle "playchess.com"]
[Source "ChessBase"]
[SourceQuality "1"]

1. e4 c5 2. Nf3 e6 3. d4 cxd4 4. Nxd4 Qb6 5. Nb3 Qc7 6. Nc3 a6 7. Bd3 Nf6 8. O-O d6 9. a4 b6 10. Qe2 Bb7 11. f4 Nbd7 12. Be3 Be7 13. Nd4 Nc5 14. Bf2 O-O 15. Kh1 Rfe8 16. Nf3 e5 17. fxe5 dxe5 18. Bg3 Bf8 19. Bh4 Be7 20. Bxf6 Bxf6 21. Bc4 Ne6 22. g3 Nd4 23. Nxd4 exd4 24. Nd5 Bxd5 25. Bxd5 Rac8 26. Rf2 Re7 27. Raf1 Qd7 28. Qxa6 h5 29. Qe2 Qxa4 30. Qxh5 Rxc2 31. e5 Rxf2 32. Rxf2 Rxe5 33. Qxf7+ Kh8 34. Qg8# 1-0

[Event "EYCC 2017"]
[Site "Mamaia"]
[Date "2017.09.14"]
[Round "9"]
[White "Oboladze, Luka"]
[Black "Kevlishvili, Robby"]
[Result "1/2-1/2"]
[WhiteElo "2083"]
[BlackElo "2450"]
[Annotator "TA"]
[PlyCount "99"]
[EventDate "2017.??.??"]
[EventType "swiss"]
[EventCountry "ROU"]
[SourceTitle "playchess.com"]
[Source "ChessBase"]
[SourceQuality "1"]

1. e4 c5 2. c3 d5 3. exd5 Qxd5 4. Nf3 Nc6 5. Na3 Nf6 6. Be2 e6 7. d4 cxd4 8. Nb5 Qd8 9. Nbxd4 Nxd4 10. Qxd4 Qxd4 11. Nxd4 Bd7 12. Bf4 Nd5 13. Bg3 Bc5 14. O-O-O O-O-O 15. Bf3 Ne7 16. Rhe1 Ba4 17. Nb3 Bb6 18. Rxd8+ Rxd8 19. Re4 Bb5 20. a4 Bd3 21. Rb4 Nd5 22. Rg4 g6 23. a5 Bc7 24. Bxc7 Kxc7 25. Rd4 Bf1 26. c4 Nb4 27. Rxd8 Kxd8 28. Nd2 Bd3 29. Bxb7 f5 30. b3 Kc7 31. Ba8 Be2 32. Bf3 Nd3+ 33. Kc2 Bxf3 34. Kxd3 Bxg2 35. Kd4 Kd6 36. f4 h6 37. h4 e5+ 38. fxe5+ Ke6 39. b4 g5 40. hxg5 hxg5 41. b5 g4 42. c5 a6 43. bxa6 Bc6 44. Ke3 Kxe5 45. Nc4+ Kd5 46. Nb6+ Kxc5 47. a7 Kb5 48. a8=Q Bxa8 49. Nxa8 f4+ 50. Ke4 1/2-1/2

[Event "EYCC 2017"]
[Site "Mamaia"]
[Date "2017.09.14"]
[Round "9"]
[White "Sakulo, Denis"]
[Black "Zarubitski, Viachaslau"]
[Result "1/2-1/2"]
[WhiteElo "2061"]
[BlackElo "2325"]
[Annotator "TA"]
[PlyCount "103"]
[EventDate "2017.??.??"]
[EventType "swiss"]
[EventCountry "ROU"]
[SourceTitle "playchess.com"]
[Source "ChessBase"]
[SourceQuality "1"]

1. d4 d5 2. c4 c6 3. cxd5 cxd5 4. Bf4 Nf6 5. Nc3 Nc6 6. e3 e6 7. Bd3 Be7 8. Nf3 O-O 9. O-O Bd7 10. Rc1 Rc8 11. Ne5 Be8 12. Qe2 Bd6 13. Nb5 Bb8 14. Nxc6 Rxc6 15. Bg5 h6 16. Bh4 Rxc1 17. Rxc1 Bxb5 18. Bxb5 g5 19. Bg3 Ne4 20. Bxb8 Qxb8 21. Bd3 Rc8 22. Rxc8+ Qxc8 23. Bxe4 dxe4 24. Qd2 Qc4 25. b3 Qc7 26. h3 b6 27. a4 Qc6 28. Qb2 a5 29. Qd2 Kg7 30. Qb2 Kg6 31. Kh2 h5 32. Qd2 h4 33. Kg1 Kf6 34. Qb2 Ke7 35. Qa3+ Ke8 36. Qb2 Kd7 37. Qe2 Ke7 38. Qc4 Qd7 39. Qc2 f5 40. Qc4 Kf7 41. Kh1 Kf6 42. Kg1 f4 43. Qc2 Qb7 44. Qe2 f3 45. Qb5 Qc7 46. Qe8 Qc1+ 47. Kh2 Qc7+ 48. Kg1 Qc1+ 49. Kh2 Qf1 50. Qf8+ Kg6 51. Qg8+ Kf6 52. Qf8+ 1/2-1/2

[Event "EYCC 2017"]
[Site "Mamaia"]
[Date "2017.09.14"]
[Round "9"]
[White "Chyzy, Jakub"]
[Black "Murzin, Volodar"]
[Result "0-1"]
[WhiteElo "2060"]
[BlackElo "2280"]
[Annotator "TA"]
[PlyCount "100"]
[EventDate "2017.??.??"]
[EventType "swiss"]
[EventCountry "ROU"]
[SourceTitle "playchess.com"]
[Source "ChessBase"]
[SourceQuality "1"]

1. e4 c5 2. Nf3 d6 3. d4 cxd4 4. Qxd4 a6 5. c4 Nc6 6. Qe3 g6 7. h3 Bg7 8. Be2 Nf6 9. O-O O-O 10. Nc3 Nd7 11. Rd1 a5 12. Rb1 a4 13. Nd5 Nc5 14. Nd2 f5 15. Bf3 f4 16. Qe1 Nd4 17. Nc3 Nd3 18. Qf1 Ne5 19. Nb5 Nxb5 20. cxb5 Be6 21. Be2 Bxa2 22. Ra1 Be6 23. Nf3 Nxf3+ 24. Bxf3 Bb3 25. Re1 Qc7 26. Bd1 Bc4 27. Be2 Be6 28. Ra3 Qc5 29. Rf3 Be5 30. Bd3 g5 31. Be2 Kh8 32. Kh1 Rg8 33. Rd3 Bf7 34. f3 Rac8 35. Red1 Bb3 36. Re1 Qb6 37. Kh2 Rc7 38. Bd2 Bxb2 39. Rb1 Be5 40. Qe1 Rcc8 41. Ba5 Qc5 42. Bb4 Qc7 43. Bd1 Ba2 44. b6 Qc4 45. Be2 Bxb1 46. Rd1 Qa2 47. Rxb1 Rc2 48. Bf1 Rgc8 49. Rd1 Qb3 50. Rd3 Rc1 0-1

[Event "EYCC 2017"]
[Site "Mamaia"]
[Date "2017.09.14"]
[Round "9"]
[White "Mochalin, Faddey"]
[Black "Oglaza, Oskar"]
[Result "1-0"]
[WhiteElo "2052"]
[BlackElo "2198"]
[Annotator "TA"]
[PlyCount "163"]
[EventDate "2017.??.??"]
[EventType "swiss"]
[EventCountry "ROU"]
[SourceTitle "playchess.com"]
[Source "ChessBase"]
[SourceQuality "1"]

1. d4 f5 2. Nf3 Nf6 3. g3 g6 4. Bg2 Bg7 5. O-O O-O 6. c4 d6 7. Nc3 e6 8. b4 Nc6 9. b5 Na5 10. Qa4 c5 11. bxc6 Nxc6 12. e3 Bd7 13. Qa3 Ne8 14. Rb1 Bc8 15. Rd1 g5 16. h4 h6 17. d5 Na5 18. hxg5 hxg5 19. dxe6 Bxe6 20. Nd4 Bxd4 21. Rxd4 Rc8 22. c5 b6 23. cxd6 Nc4 24. Qxa7 Nexd6 25. Ba3 Rf7 26. Qa6 Rd7 27. Rbd1 Rcc7 28. Bxd6 Nxd6 29. Qxb6 Rxc3 30. Qxd8+ Rxd8 31. Rxd6 Rxd6 32. Rxd6 Rc1+ 33. Kh2 Kf7 34. Bd5 Bxd5 35. Rxd5 Ke6 36. Ra5 g4 37. a4 Ra1 38. Kg2 Kf6 39. Ra7 Kg6 40. a5 Kf6 41. a6 Kg6 42. Ra8 Kf7 43. a7 Kg7 44. Kh2 Kh7 45. Rf8 Rxa7 46. Rxf5 Kg6 47. Rd5 Ra1 48. Kg2 Re1 49. Re5 Kf6 50. Re4 Kf5 51. Re8 Kf6 52. Rg8 Kf5 53. Rg7 Ra1 54. e4+ Kxe4 55. Rxg4+ Kf5 56. Rf4+ Kg5 57. Rb4 Ra3 58. Rb5+ Kg6 59. f4 Rd3 60. Kh3 Kf6 61. Kg4 Kg6 62. Rb6+ Kg7 63. f5 Kf7 64. Kf4 Rd4+ 65. Kg5 Rd7 66. g4 Kg7 67. Rg6+ Kf7 68. Kh5 Rd1 69. Rb6 Kg7 70. Kg5 Rd7 71. Rb5 Kf7 72. Re5 Rd6 73. f6 Rd4 74. Kf5 Rd1 75. Re7+ Kf8 76. Kg6 Rd6 77. Ra7 Rd8 78. Rh7 Kg8 79. f7+ Kf8 80. Rh8+ Ke7 81. Rxd8 Kxd8 82. f8=Q+ 1-0

[Event "EYCC 2017"]
[Site "Mamaia"]
[Date "2017.09.14"]
[Round "9"]
[White "Nazarova, Anastasia"]
[Black "Maltsevskaya, Aleksandra"]
[Result "0-1"]
[WhiteElo "2045"]
[BlackElo "2271"]
[Annotator "TA"]
[PlyCount "76"]
[EventDate "2017.??.??"]
[EventType "swiss"]
[EventCountry "ROU"]
[SourceTitle "playchess.com"]
[Source "ChessBase"]
[SourceQuality "1"]

1. e4 c5 2. Nf3 Nc6 3. d4 cxd4 4. Nxd4 e6 5. Nc3 a6 6. Nxc6 bxc6 7. Bd3 d5 8. O-O Nf6 9. Qf3 Be7 10. Qg3 Nh5 11. Qh3 g6 12. Be2 Nf6 13. Bh6 Qc7 14. Rad1 Rb8 15. Qf3 Rg8 16. exd5 exd5 17. Rfe1 Rb4 18. g3 g5 19. Bd3 Be6 20. Bf5 Qd7 21. Re5 Bxf5 22. Rxf5 Ne4 23. Nxe4 dxe4 24. Rxd7 exf3 25. Ra7 Rg6 26. Re5 Re6 27. Rxe6 fxe6 28. Bg7 Re4 29. Bc3 Re2 30. Kf1 Rxc2 31. Ke1 g4 32. Bd4 Bb4+ 33. Bc3 Bxc3+ 34. bxc3 Re2+ 35. Kd1 Rxa2 36. Rxh7 Rxf2 37. Rg7 Rxh2 38. Rxg4 Rh1+ 0-1

[Event "EYCC 2017"]
[Site "Mamaia"]
[Date "2017.09.14"]
[Round "9"]
[White "Allahverdiyeva, Ayan"]
[Black "Stepanyan, Eva"]
[Result "0-1"]
[WhiteElo "2042"]
[BlackElo "1927"]
[Annotator "NA RC"]
[PlyCount "80"]
[EventDate "2017.??.??"]
[EventType "swiss"]
[EventCountry "ROU"]
[SourceTitle "playchess.com"]
[Source "ChessBase"]
[SourceQuality "1"]

1. e4 e5 2. Nf3 Nc6 3. Bb5 a6 4. Ba4 Nf6 5. O-O Be7 6. Re1 b5 7. Bb3 d6 8. c3 O-O 9. d4 Bg4 10. Be3 h6 11. Nbd2 Re8 12. Bc2 Bf8 13. d5 Na5 14. Nf1 Qc8 15. h3 Bd7 16. Ng3 c6 17. dxc6 Qxc6 18. Nh4 Nc4 19. Bc1 Be6 20. Qf3 Nd7 21. Nhf5 Kh7 22. Ne3 g6 23. Ng4 Bg7 24. Nf5 Bxf5 25. exf5 d5 26. Qg3 e4 27. Qh4 gxf5 28. Ne3 Qe6 29. Qh5 Nxe3 30. Bxe3 Be5 31. f4 Bc7 32. g4 Rg8 33. Kh1 fxg4 34. f5 Qd6 35. hxg4 Rxg4 36. Bxe4 dxe4 37. Rad1 Qg3 38. Qxf7+ Rg7 39. Qg6+ Rxg6 40. fxg6+ Kg8 0-1

[Event "EYCC 2017"]
[Site "Mamaia"]
[Date "2017.09.14"]
[Round "9"]
[White "Lomandong Noela-Joyce"]
[Black "Goltseva, Ekaterina"]
[Result "1/2-1/2"]
[WhiteElo "2040"]
[BlackElo "2214"]
[Annotator "TA"]
[PlyCount "88"]
[EventDate "2017.??.??"]
[EventType "swiss"]
[EventCountry "ROU"]
[SourceTitle "playchess.com"]
[Source "ChessBase"]
[SourceQuality "1"]

1. c4 Nf6 2. g3 e6 3. Bg2 d5 4. cxd5 exd5 5. d4 c6 6. Nc3 Bd6 7. Nf3 h6 8. Qd3 Be6 9. Bf4 O-O 10. Be5 Ng4 11. Bxd6 Qxd6 12. h3 Nf6 13. g4 Nbd7 14. g5 hxg5 15. Nxg5 Qf4 16. Nxe6 fxe6 17. e3 Qh4 18. Rf1 e5 19. O-O-O exd4 20. Qxd4 Qxd4 21. Rxd4 Rad8 22. Ne2 Rfe8 23. Rfd1 Ne5 24. Nf4 g5 25. Ne2 Nc4 26. R4d3 Nd6 27. Rg1 Kf7 28. Nd4 Rg8 29. Bf3 Rdf8 30. Rdd1 Ke7 31. Rg2 Nfe4 32. Bxe4 Nxe4 33. f3 Nd6 34. Rg3 Kf6 35. Rdg1 c5 36. Nc2 Nf5 37. Rg4 Nh6 38. R4g2 Re8 39. Rd1 Re5 40. Rdg1 Ree8 41. Kd2 Rd8 42. Ke2 Rde8 43. Kd2 Rd8 44. Ke2 Rde8 1/2-1/2

[Event "EYCC 2017"]
[Site "Mamaia"]
[Date "2017.09.14"]
[Round "9"]
[White "Jarocka, Liwia"]
[Black "Kuzich, Aryna"]
[Result "1-0"]
[WhiteElo "1970"]
[BlackElo "1828"]
[Annotator "NA RC"]
[PlyCount "117"]
[EventDate "2017.??.??"]
[EventType "swiss"]
[EventCountry "ROU"]
[SourceTitle "playchess.com"]
[Source "ChessBase"]
[SourceQuality "1"]

1. e4 e5 2. Bc4 Nf6 3. d3 d5 4. exd5 Nxd5 5. Nf3 Nc6 6. c3 Be6 7. Qe2 Qd6 8. b4 a6 9. O-O Be7 10. Re1 Bf6 11. a4 O-O 12. Nfd2 Nf4 13. Qf1 Bxc4 14. dxc4 Qd3 15. Ne4 Qxf1+ 16. Kxf1 Nd3 17. Rd1 Nxc1 18. Nxf6+ gxf6 19. Rxc1 Rfd8 20. Ke2 e4 21. Nd2 f5 22. f4 Rd3 23. Nb3 Rad8 24. b5 Ne7 25. Rc2 b6 26. Nd4 a5 27. Rac1 Rd6 28. g3 Rh6 29. Ke1 Kf8 30. Rd1 Rxd1+ 31. Kxd1 Rd6 32. Ke2 h5 33. Rd2 Kg7 34. Nb3 Rxd2+ 35. Kxd2 h4 36. c5 hxg3 37. hxg3 Kf6 38. cxb6 cxb6 39. Ke3 Nd5+ 40. Kd4 Ke6 41. c4 Nb4 42. c5 Nd5 43. cxb6 Nxb6 44. Nxa5 Nxa4 45. Nc4 f6 46. Ne3 Nb6 47. Kc5 Nd7+ 48. Kc6 Nb8+ 49. Kc7 Nd7 50. b6 Nc5 51. b7 Na6+ 52. Kc8 Kd6 53. b8=Q+ Nxb8 54. Kxb8 Kc5 55. Nxf5 e3 56. Nxe3 Kd4 57. Ng4 f5 58. Nh6 Ke4 59. Nxf5 1-0

[Event "EYCC 2017"]
[Site "Mamaia"]
[Date "2017.09.14"]
[Round "9"]
[White "Can, Isil"]
[Black "Yakimova, Mariya"]
[Result "1/2-1/2"]
[WhiteElo "1945"]
[BlackElo "1736"]
[Annotator "NA RC"]
[PlyCount "147"]
[EventDate "2017.??.??"]
[EventType "swiss"]
[EventCountry "ROU"]
[SourceTitle "playchess.com"]
[Source "ChessBase"]
[SourceQuality "1"]

1. e4 c5 2. Nf3 d6 3. d4 cxd4 4. Nxd4 Nf6 5. Nc3 a6 6. Be3 e5 7. Nb3 Be6 8. Be2 Be7 9. O-O O-O 10. f4 b5 11. f5 Bc8 12. Nd5 Nbd7 13. Nxe7+ Qxe7 14. Bf3 Bb7 15. Qd3 d5 16. Bg5 dxe4 17. Bxe4 Nc5 18. Bxf6 gxf6 19. Nxc5 Qxc5+ 20. Kh1 Bxe4 21. Qxe4 Qc4 22. Qe3 Qc6 23. Qh6 Kh8 24. Rae1 Rg8 25. Rf3 Rg7 26. Re2 Rag8 27. Rd2 Qxf3 28. Qxg7+ Kxg7 29. gxf3 Rc8 30. c3 Rc6 31. Kg2 Kh6 32. h4 Kg7 33. Kg3 Rc4 34. Rd6 Ra4 35. a3 h6 36. Rc6 Ra5 37. Rd6 Ra4 38. Rc6 e4 39. fxe4 Rxe4 40. Rxa6 Re2 41. b4 Re3+ 42. Kg4 Rxc3 43. Ra5 Rc4+ 44. Kh5 Rc3 45. Rxb5 Rxa3 46. Rb8 Rc3 47. b5 Rc4 48. b6 Rf4 49. Rc8 Rxf5+ 50. Kg4 Rb5 51. Rc6 h5+ 52. Kf4 Rb4+ 53. Kf5 Rxh4 54. Rxf6 Rb4 55. Rc6 h4 56. Kg5 h3 57. Rc3 Rxb6 58. Rxh3 Rb5+ 59. Kf4 Kg6 60. Rg3+ Kf6 61. Ra3 Rb4+ 62. Kf3 Kg5 63. Ra7 Rb3+ 64. Kf2 f5 65. Ra5 Kg4 66. Ra8 Rb2+ 67. Kf1 f4 68. Ra3 Rc2 69. Rb3 Ra2 70. Rc3 Rh2 71. Kg1 Ra2 72. Kf1 Ra4 73. Kg2 Ra8 74. Kf2 1/2-1/2

[Event "EYCC 2017"]
[Site "Mamaia"]
[Date "2017.09.14"]
[Round "9"]
[White "Sosa Suarez, Carla Cristina"]
[Black "Afonasieva, Anna"]
[Result "0-1"]
[WhiteElo "1930"]
[BlackElo "2263"]
[Annotator "TA"]
[PlyCount "106"]
[EventDate "2017.??.??"]
[EventType "swiss"]
[EventCountry "ROU"]
[SourceTitle "playchess.com"]
[Source "ChessBase"]
[SourceQuality "1"]

1. e4 c5 2. Nf3 d6 3. d4 cxd4 4. Nxd4 Nf6 5. Nc3 a6 6. Bg5 Nbd7 7. Bc4 h6 8. Bh4 g6 9. Qe2 Qc7 10. O-O-O Bg7 11. Bg3 O-O 12. f4 b5 13. Bd5 b4 14. Ncb5 axb5 15. Bxa8 Qa7 16. e5 Qxa8 17. exf6 Bxf6 18. Kb1 Nc5 19. f5 b3 20. axb3 Bxd4 21. Rxd4 Bxf5 22. Rb4 Qa7 23. Rf1 Ra8 24. Kc1 Nd3+ 25. cxd3 Qc5+ 26. Rc4 bxc4 27. bxc4 Qd4 28. Rxf5 gxf5 29. Bf2 Qf4+ 30. Kb1 Rb8 31. g3 Qg5 32. Bd4 Qg4 33. Qxg4+ fxg4 34. Kc2 h5 35. Kc3 f5 36. b4 Kf7 37. b5 e5 38. Be3 Ke6 39. Kb4 Kd7 40. d4 exd4 41. Bxd4 Re8 42. c5 dxc5+ 43. Kxc5 Kc7 44. Kd5 Re2 45. Be5+ Kb6 46. Ke6 Kxb5 47. Kxf5 Rxh2 48. Bf4 Kc4 49. Bg5 Kd3 50. Kf4 Ke2 51. Kf5 Kf3 52. Bf4 Rh3 53. Kg5 Rxg3 0-1

[Event "EYCC 2017"]
[Site "Mamaia"]
[Date "2017.09.14"]
[Round "9"]
[White "Cimpean, Andra"]
[Black "Janiashvili, Mariami"]
[Result "0-1"]
[WhiteElo "1901"]
[BlackElo "1875"]
[Annotator "NA RC"]
[PlyCount "70"]
[EventDate "2017.??.??"]
[EventType "swiss"]
[EventCountry "ROU"]
[SourceTitle "playchess.com"]
[Source "ChessBase"]
[SourceQuality "1"]

1. e4 e6 2. d4 d5 3. Nd2 dxe4 4. Nxe4 Bd7 5. c4 Bc6 6. Nc3 Nf6 7. Nf3 Bb4 8. Bd2 O-O 9. Be2 Nbd7 10. O-O Nb6 11. a3 Be7 12. Be3 Bxf3 13. gxf3 Nbd7 14. f4 c5 15. dxc5 Bxc5 16. Bxc5 Nxc5 17. b4 Nce4 18. Nxe4 Nxe4 19. Bd3 Qd4 20. Qe2 Nxf2 21. Qxf2 Qxd3 22. c5 Rad8 23. Rfc1 Rd4 24. Rd1 Qxd1+ 25. Rxd1 Rxd1+ 26. Kg2 Rfd8 27. Qh4 R8d3 28. Qe7 h6 29. Qxb7 R1d2+ 30. Kf1 Rxa3 31. Qb8+ Kh7 32. Qe5 Raa2 33. Qe1 Rxh2 34. Qb1+ g6 35. Kg1 Rag2+ 0-1

[Event "EYCC 2017"]
[Site "Mamaia"]
[Date "2017.09.14"]
[Round "9"]
[White "Esadze, Tamari"]
[Black "Miroshnik, Ekaterina"]
[Result "0-1"]
[WhiteElo "1863"]
[BlackElo "2006"]
[Annotator "NA RC"]
[PlyCount "81"]
[EventDate "2017.??.??"]
[EventType "swiss"]
[EventCountry "ROU"]
[SourceTitle "playchess.com"]
[Source "ChessBase"]
[SourceQuality "1"]

1. e4 e5 2. Nf3 Nc6 3. Bb5 a6 4. Ba4 d6 5. O-O Bd7 6. c3 g6 7. d4 Bg7 8. Bb3 Nf6 9. Ng5 O-O 10. f4 Bg4 11. Qd3 exd4 12. h3 Bc8 13. cxd4 d5 14. e5 Ne4 15. Nc3 Nxg5 16. fxg5 Ne7 17. Qf3 Be6 18. Ne2 c5 19. Bf4 cxd4 20. Nxd4 Qb6 21. Qe3 Rac8 22. Rac1 Nc6 23. Nxc6 Qxe3+ 24. Bxe3 Rxc6 25. Rxc6 bxc6 26. Bd4 Rc8 27. Rc1 c5 28. Bc3 Rb8 29. Rc2 d4 30. Bxe6 dxc3 31. Rxc3 Bxe5 32. Ra3 fxe6 33. Rxa6 Bd4+ 34. Kf1 Rxb2 35. a4 c4 36. Rc6 c3 37. Ke1 Be3 38. Kd1 Rd2+ 39. Ke1 c2 40. Rc8+ Kf7 41. Rc6 0-1